00505nam a2200145Ia 4500008004100000100001800041245004600059245003100105260003900136650001800175650001500193856005900208999001900267952007300286170221s9999 xx 000 0 und d aJingmin Cheng aWhat’s the Future of Doctors in China?  cJingmin Cheng, Tengfei Tan bStudies in Media and Communication xCommunication xMedia Arts uhttp://redfame.com/journal/index.php/smc/issue/view/45 c312846d312846 001040aCLbCLd2017-02-21l0r2017-02-21 00:00:00w2017-02-21yFOJ